[Event "Asian Zonal 3.3 2019"]
[Site "Ulaanbaatar"]
[Date "2019.04.07"]
[Round "1.1"]
[White "Batchuluun, Tsegmed"]
[Black "Agibileg, Uurtsaikh"]
[Result "1-0"]
[WhiteElo "2547"]
[BlackElo "2403"]
[Annotator "TA"]
[PlyCount "107"]
[EventDate "2019.04.07"]
[EventType "swiss"]
[EventRounds "9"]
[EventCountry "MGL"]
[SourceTitle "playchess.com"]
[Source "ChessBase"]
[SourceQuality "1"]

{[%evp 18,107,2,0,25,16,16,16,16,15,15,10,20,20,15,-13,44,22,32,33,43,31,38,0,0,0,0,9,29,33,37,33,30,18,22,26,71,75,88,93,92,0,83,83,93,59,57,64,58,58,59,54,50,37,45,42,115,102,114,97,93,93,101,77,112,88,138,147,156,127,160,148,150,148,156,156,165,56,56,56,62,62,89,70,145,153,500,500,492,485,444,447]} 1. d4 Nf6 2. c4 g6 3. Nc3 Bg7 4. Nf3 O-O 5. g3 d6 6. Bg2 Nc6 7. d5 Na5 8. Qd3 c5 9. O-O a6 10. e4 Nd7 {E66: King's Indian: Fianchetto: 6...c5 7 0-0 Nc6 8 d5} (10... Rb8 11. Rb1 b5 12. cxb5 c4 13. Qd1 axb5 14. Nd4 b4 15. Nce2 Nd7 16. Bd2 Qb6 17. Nc2 b3 18. axb3 cxb3 19. Ncd4 Bxd4 20. Nxd4 Qxd4 21. Bxa5 Qxd1 22. Rfxd1 Nc5 23. Bc3 {1-0 (23) Plat,V (2471)-Dragun,K (2564) Krakow 2015}) 11. Rb1 Rb8 12. b3 b5 $1 {The position is equal.} 13. cxb5 axb5 14. Nxb5 {Black should prevent Bd2.} Ba6 15. a4 Qb6 $1 {[%cal Ra6b5]} 16. Bg5 $146 ({Predecessor:} 16. Bd2 Bxb5 17. Qxb5 Qxb5 18. axb5 Rxb5 19. Bxa5 Rxa5 {0-1 (63) Munk,P (1942)-Schou Moldt,T (2167) Helsingor 2011}) 16... f6 ({Black should play} 16... h6 $1 $11 17. Be3 (17. Bxe7 Rfe8 $15) 17... Bxb5 18. axb5 Qxb5) 17. Bd2 {Strongly threatening b4.} (17. Bh3 {is interesting.} c4 18. Qd1 fxg5 19. Bxd7 Nxb3 20. Nxg5 Qa5 21. Qg4) 17... Bxb5 18. axb5 Qxb5 19. Qxb5 Rxb5 20. Bxa5 Rxa5 21. b4 Ra4 22. Bh3 $36 {[%mdl 2048] Black is under pressure.} Rd8 23. Bxd7 Rxd7 24. bxc5 dxc5 25. Rb8+ Kf7 26. Re1 Bh6 27. Rc8 Rc4 28. e5 {Black must now prevent e6+.} Rxd5 29. e6+ $1 Kg7 30. Re8 Rc1 31. Rxe7+ Kf8 32. Rf7+ Ke8 33. Rxc1 Bxc1 34. Rxh7 $14 {[%mdl 4096] Endgame KRB-KRN} Rd6 35. Nh4 Rxe6 36. Nxg6 Rc6 (36... c4 $1 $14) 37. Re7+ $16 Kd8 38. Re2 c4 39. Rc2 Ba3 40. h4 Ke8 41. Kf1 c3 42. Nf4 Kf7 43. Ke2 Bb2 44. Kd3 Rd6+ 45. Kc4 Rd2 46. Kb3 Rd8 47. Re2 (47. Ne2 $1 $18) 47... Bc1 $1 $14 48. Re4 Bd2 49. Kc2 f5 50. Rc4 Be1 {[#]} ({Black should try} 50... Kf6 $14) 51. Nd3 $1 $16 {[%cal Rd3e1]} Bxf2 $2 (51... Bd2 $16 52. Ne5+ Kg7) 52. Nxf2 $18 {White is clearly winning.} ({Not} 52. Rc7+ Kg6 $16) 52... Rd2+ 53. Kxc3 Rxf2 {[#]} 54. Rf4 $1 {Accuracy: White = 77%, Black = 51%.} 1-0

[Event "Asian Zonal 3.3 2019"]
[Site "Ulaanbaatar"]
[Date "2019.04.07"]
[Round "1.2"]
[White "Nguyen, Duc Hoa"]
[Black "Tran, Tuan Minh"]
[Result "1-0"]
[WhiteElo "2433"]
[BlackElo "2553"]
[Annotator "TA"]
[PlyCount "107"]
[EventDate "2019.04.07"]
[EventType "swiss"]
[EventRounds "9"]
[EventCountry "MGL"]
[SourceTitle "playchess.com"]
[Source "ChessBase"]
[SourceQuality "1"]

{[%evp 22,107,39,0,35,32,31,21,40,24,36,38,50,48,125,131,117,131,161,158,152,162,266,291,304,301,264,116,119,116,122,86,155,155,153,142,141,108,84,71,70,51,50,66,60,77,173,165,227,218,267,270,269,270,263,263,261,257,342,312,316,383,383,383,383,383,383,375,300,316,335,361,646,591,747,731,412,412,2128,2128,1392,4614,4133,2203,4133,2472,1330,1055]} 1. d4 Nf6 2. c4 e6 3. g3 c5 4. d5 exd5 5. cxd5 d6 6. Nc3 g6 7. Bg2 Bg7 8. Nf3 O-O 9. O-O Re8 10. Bf4 Bf5 11. Nh4 Bc8 12. Nf3 h6 {A62: Modern Benoni: Fianchetto Variation without early ...Nbd7} 13. Qc1 g5 14. Bd2 Bf5 {The position is equal.} 15. h4 g4 16. Ne1 {[#]} h5 $146 ({Predecessor:} 16... Kh7 17. Nc2 Bg6 18. Ne3 Qd7 19. a4 Na6 20. Nc4 {0-1 (40) Kuybokarov,T (2499)-Wang,H (2711) Abu Dhabi 2018}) 17. Nd3 Na6 ({Better is} 17... Qb6 $14) 18. Bg5 $16 Bxd3 19. exd3 Qd7 20. Bxf6 $1 Bxf6 21. Ne4 Bg7 (21... Be7 $142 22. f3 Qf5) 22. Qg5 $18 {Hoping for Nf6+.} Kf8 {intending ...Re5.} 23. Nf6 (23. Qxh5 $6 Re5 $16) 23... Qd8 24. Nxe8 (24. Nh7+ $1 $18 {is the precise move to win.} Kg8 25. Qxh5) 24... Qxg5 $16 25. hxg5 Rxe8 26. Rfe1 Rxe1+ ({Black should play} 26... Be5) 27. Rxe1 {[%mdl 4096] Endgame KRB-KBN} Nb4 {[#]} 28. Be4 $1 a5 29. a3 Nc2 30. Rb1 (30. Rc1 {keeps more tension.} Nd4 31. Kg2 a4 32. f4 b5 33. f5) 30... a4 31. Bf5 {And now Bd7 would win.} Nd4 32. Bc8 b5 33. Kg2 Be5 (33... Ke8 $16) 34. Rh1 $18 Ke7 (34... b4 $142) 35. Rxh5 Nc2 36. Rh7 ({Less strong is} 36. Bxg4 Bxb2 37. Rh7 Kf8 $16) 36... Bxb2 {Threatening ...b4.} 37. g6 $1 (37. Bxg4 b4 $11) 37... b4 38. Rxf7+ Kd8 39. Ba6 ({Inferior is} 39. Bxg4 bxa3 40. Rd7+ Ke8 $11) 39... Nxa3 40. g7 Bxg7 41. Rxg7 b3 {aiming for ...b2.} 42. Rb7 Nc2 {...a3 is the strong threat.} 43. Bc4 Nb4 {[#]} 44. f3 $1 b2 45. Ba2 $1 Nxa2 46. Rxb2 {KR-KN} Nb4 $2 (46... gxf3+ 47. Kxf3 Nb4) 47. fxg4 Ke7 48. Re2+ Kf7 49. Re6 Nxd3 (49... Nxd5 $142 50. Rxd6 Nb4 51. Rd7+ Kf6) 50. Rxd6 {White is clearly winning.} c4 51. Rc6 Ne5 52. Ra6 c3 53. Ra7+ Kf6 54. Rc7 {Accuracy: White = 81%, Black = 21%.} 1-0

[Event "Asian Zonal 3.3 2019"]
[Site "Ulaanbaatar"]
[Date "2019.04.07"]
[Round "1.3"]
[White "Gan-Erdene, Sugar"]
[Black "Megaranto, Susanto"]
[Result "0-1"]
[WhiteElo "2375"]
[BlackElo "2523"]
[Annotator "TA"]
[PlyCount "114"]
[EventDate "2019.04.07"]
[EventType "swiss"]
[EventRounds "9"]
[EventCountry "MGL"]
[SourceTitle "playchess.com"]
[Source "ChessBase"]
[SourceQuality "1"]

{[%evp 29,114,0,21,8,24,0,79,0,0,0,4,0,8,0,10,-10,-3,-14,-40,-39,0,0,0,0,0,-43,-31,-21,0,0,0,-25,-40,-34,-52,-37,-59,-39,0,0,0,0,24,-65,71,80,77,-86,0,-99,-91,-84,-83,-122,-130,-133,-134,-306,-313,-289,-289,-333,-352,-312,-186,-575,-481,-515,-490,-1166,0,0,0,0,0,-6299,-6387,-6070,-6070,-5318,-5318,-5277,-5277,-5089,-3117,-29997,-29998]} 1. e4 c6 2. d4 d5 3. Nc3 dxe4 4. Nxe4 Bf5 5. Ng3 Bg6 6. Bc4 e6 7. N1e2 Bd6 8. h4 h6 9. Nf4 Bxf4 10. Bxf4 Nf6 11. Qe2 O-O {B18: Classical Caro-Kann: 4...Bf5 sidelines} 12. O-O-O Nbd7 13. Kb1 Qa5 14. Bd3 Bxd3 15. Rxd3 Rfe8 {[#] LiveBook: 3 Games} 16. Rb3 $146 ({Predecessor:} 16. Re1) 16... Qd5 17. Rxb7 c5 (17... Qxg2 $11 18. f3 Qxe2 19. Nxe2 e5 20. dxe5 Nxe5) 18. Rb5 ({White should try} 18. Qf3 $1 $16) 18... a6 19. Ra5 Qxd4 20. Be3 Qb4 21. Bd2 Qb7 22. f3 Rab8 {[%csl Gb8][%cal Rb7b2]} 23. b3 Qc7 24. Ne4 c4 {White must now prevent ...Nxe4.} 25. Nxf6+ Nxf6 26. Ra4 Rec8 27. Rc1 Rb5 28. Rxa6 Nd5 29. Ra4 Qc6 30. Ka1 {[%cal Ra4c4]} (30. Qe4 {is more complex.} cxb3 31. axb3 Nc3+ 32. Bxc3 Qxc3 33. Rh1) 30... Nb6 31. Ra6 Qb7 {[%mdl 1024] Black has compensation.} 32. Ra3 $1 Qe7 33. Ra6 $1 Qf6+ 34. c3 Nd7 {White should prevent ...Re5.} 35. Be3 Re5 36. Qf2 (36. b4 $11) 36... Rb5 (36... cxb3 $15 {stays ahead.} 37. axb3 Nc5 38. Bxc5 Rexc5) 37. b4 $1 $16 Rxb4 38. Ra7 $2 (38. Qg3 $1 $16 {keeps the pressure on.} Rb7 39. Bd4) 38... Nb8 (38... Nf8 $1 $17) 39. Bd4 (39. Ra8 $11 {keeps the balance.}) 39... e5 $1 $17 {[%cal Re5d4]} 40. Be3 Rb5 41. Rd1 Nc6 $1 {[%cal Rc6a7,Bb8c6,Bc6e7,Be7d5,Bd5e3][%mdl 32]} 42. Ra4 Ne7 {...Nd5 is the strong threat.} 43. Qe2 $2 (43. Rb4 $17 {was called for.} Rd5 44. Qe1) 43... Nd5 $19 ({Not} 43... Qxh4 44. Bf2 $15) 44. Bd2 Qc6 45. Qe4 Rcb8 {And now ...Rb2 would win.} 46. Rxc4 Qb6 (46... Qb7 $142 47. h5 Rb6) 47. Be1 $2 {[#]} (47. Qc2 {is more resistant.}) 47... f5 $1 {[%mdl 512]} 48. Qd3 ({Don't go for} 48. Qxf5 $2 Ne3) 48... Ne3 49. Bf2 {[#]} (49. Rb4 $142 Rxb4 50. cxb4 Nxd1 51. Qxd1) 49... Ra8 $2 (49... Qd6 $1 $19 {[%mdl 512] ( -> ...Qxd3)} 50. Rb4 (50. Qxd6 Nc2#) 50... Rxb4 51. cxb4 Qxb4) 50. Rb4 $11 (50. Bxe3 $2 {[#] is a self mate.} Rxa2+ $1 {[%mdl 512]} 51. Kxa2 Qa6+ 52. Ra4 Qxa4#) 50... Qe6 $1 $40 {[%csl Ga8][%cal Re6a2][%mdl 128] Black has some attack.} 51. Rd2 $1 Rba5 $1 {[%cal Ra5a2]} 52. Qxe3 $4 {[%mdl 8192]} (52. Qb1 $11 Nc4 53. Qb3) 52... Rxa2+ $19 53. Kb1 Ra1+ 54. Kc2 R8a2+ 55. Kd3 Qa6+ 56. Rc4 Rxd2+ 57. Kxd2 Qa2+ {Precision: White = 41%, Black = 56%.} 0-1

[Event "Asian Zonal 3.3 2019"]
[Site "Ulaanbaatar"]
[Date "2019.04.07"]
[Round "1.4"]
[White "Bilguun, Sumiya"]
[Black "Amartuvshin, Ganzorig"]
[Result "0-1"]
[WhiteElo "2488"]
[BlackElo "2373"]
[Annotator "TA"]
[PlyCount "120"]
[EventDate "2019.04.07"]
[EventType "swiss"]
[EventRounds "9"]
[EventCountry "MGL"]
[SourceTitle "playchess.com"]
[Source "ChessBase"]
[SourceQuality "1"]

{[%evp 13,120,11,8,6,16,13,11,6,20,10,10,-6,0,0,0,-1,-5,-14,0,-4,-5,-7,5,-28,2,-24,41,-49,1,3,1,0,0,0,0,0,0,0,0,0,0,1,49,-2,0,-58,-53,-43,-48,-66,-71,-60,-17,-89,-62,-74,-76,-76,-67,-132,-135,-127,-122,-116,-116,-336,-330,-236,-125,-128,-125,-125,-125,-122,-123,-117,-97,-125,-74,-129,-71,-208,-210,-262,-241,-289,-280,-425,-299,-591,-165,-164,-161,-29948,-6904,-12820,-5903,-29979,-29980,-29985,-29986,-29986,-29981,-29981,-29982,-29989,-29990,-29990,-29991]} 1. e4 c5 2. Nf3 e6 3. g3 Nc6 4. Bg2 Nf6 5. Qe2 e5 6. O-O {B40: Sicilian: 2...e6, Unusual lines} Be7 7. d3 O-O {LiveBook: 15 Games} 8. Bg5 {The position is equal.} h6 9. Bxf6 Bxf6 10. Nc3 d6 11. Nd5 $146 ({Predecessor:} 11. Nd2 g6 12. Nc4 Bg7 {½-½ (50) Nguyen,N (2634)-Hansen,E (2573) Berlin 2015}) 11... Be6 12. Ne3 g6 13. h4 h5 14. c3 b5 15. Kh2 Kg7 16. Bh3 Qd7 17. Ng1 Ne7 18. Ng2 d5 19. f4 {aiming for f5!} dxe4 (19... Bxh3 $1 $11 20. Nxh3 d4) 20. Qxe4 (20. dxe4 $14 Rad8 21. Rad1) 20... Qd6 21. Bxe6 Qxe6 22. Rae1 {[%cal Rf4e5]} exf4 23. Qxe6 fxg3+ 24. Kh3 fxe6 25. Nf4 g2 26. Nxe6+ Kg8 27. Rf4 Rf7 (27... Nd5 $5 {[%cal Rd5f4]} 28. Rfe4 Rfc8 $11) 28. Kxg2 ({White should play} 28. Nxc5 $14 Nd5 29. Rfe4) 28... b4 29. c4 (29. Nc7 $11 Rd8 30. Rxf6 Rxf6 31. Rxe7) 29... Bxb2 30. Rxf7 Kxf7 31. Nxc5 Nf5 32. Nf3 Bf6 33. Kh3 (33. Ng5+ $11 {keeps the balance.} Kg8 34. Kh3) 33... Rd8 34. Ng5+ Bxg5 $1 35. hxg5 $17 {[%mdl 4096] Endgame KRN-KRN} Rd4 36. Rb1 (36. Kg2 $15) 36... a5 $1 37. a3 Rh4+ 38. Kg2 Rg4+ 39. Kf2 $2 (39. Kh2 $17) 39... bxa3 $19 40. Rb7+ Ne7 ({Black should try} 40... Ke8 $19 41. Ra7 Rf4+ 42. Kg1 Ne3 43. Rxa5 Nc2) 41. Rb3 $17 Rxg5 42. Ne4 Rf5+ 43. Ke3 {And now Nd6+ would win.} Kg7 44. Rxa3 {[#]} h4 $1 45. Ra1 g5 46. Nd6 {[#]} (46. d4 $142) 46... Re5+ (46... Rf8 $142 $1 {Strongly threatening ...h3.} 47. Rxa5 Kh6) 47. Kf3 (47. Ne4 $17 {is the only way for White.}) 47... Kg6 48. d4 Re6 49. c5 Kh5 50. Rxa5 (50. Rg1 $142) 50... Nc6 51. Ra4 $2 (51. Ra8 Nxd4+ 52. Kf2) 51... Rf6+ $2 (51... g4+ 52. Kg2 Re2+ 53. Kf1 Rd2) 52. Kg2 $19 Rf4 53. d5 $2 (53. Ra8 $19) 53... Rxa4 54. dxc6 {KR-KN} Ra7 55. Nb7 Ra6 {Black mates.} 56. Nd8 Kg4 57. c7 Ra2+ 58. Kf1 Ra8 59. Ne6 h3 {[%cal Bh4h3,Bh3h2][%mdl 32]} 60. Kf2 h2 {Precision: White = 34%, Black = 59%.} 0-1

[Event "Asian Zonal 3.3 2019"]
[Site "Ulaanbaatar"]
[Date "2019.04.07"]
[Round "1.5"]
[White "Dang, Hoang Son"]
[Black "Nasanjargal, Urtnasan"]
[Result "0-1"]
[WhiteElo "2367"]
[BlackElo "2482"]
[Annotator "TA"]
[PlyCount "158"]
[EventDate "2019.04.07"]
[EventType "swiss"]
[EventRounds "9"]
[EventCountry "MGL"]
[SourceTitle "playchess.com"]
[Source "ChessBase"]
[SourceQuality "1"]

{[%evp 11,158,27,33,26,43,43,43,37,39,39,39,41,51,47,54,51,60,55,59,34,41,0,0,10,8,6,16,-47,-25,-40,0,-16,-8,-31,77,0,1,-6,0,-75,-50,-96,-86,-133,-108,-91,47,44,57,79,73,63,77,72,74,-17,45,41,27,9,15,13,8,0,0,0,0,0,-9,-20,-21,-26,-18,-18,-19,-19,-18,-28,-8,-21,-17,-13,0,0,0,0,0,-24,-22,-22,-18,-19,-21,-27,-27,-27,-27,-28,-28,-29,-25,-27,-20,-20,0,-28,-28,-28,-28,-39,-35,-57,-51,-58,-58,-82,-86,-77,-58,-135,-137,-131,-107,-115,-108,-1328,-1031,-1298,-1270,-8579,-8274,-4538,-4602,-12803,-12793,-1575,-4610,-4618,-479,-434,-79,-79,-79,-29982,-29983,-29996,-29997,-29997,-29998]} 1. d4 Nf6 2. c4 g6 3. Nc3 Bg7 4. e4 d6 5. f3 O-O 6. Nge2 a6 7. Ng3 {E81: King's Indian: Sämisch: 6th move deviations (including 6 Be3 c6)} e5 $146 ({Predecessor:} 7... Nbd7 8. Be2 c6 9. O-O b5 10. Be3 Rb8 11. Rf2 Qc7 12. Rc1 b4 13. Na4 c5 14. d5 e6 15. b3 Re8 16. Qd2 exd5 17. cxd5 Nb6 18. Nxb6 Qxb6 {1-0 (34) Aronian,L (2780)-Van Wely,L (2695) Wijk aan Zee 2017}) 8. d5 c6 9. Bg5 {White is slightly better.} h6 10. Be3 cxd5 11. cxd5 b5 12. Qd2 h5 $1 13. Bd3 Nbd7 14. O-O h4 15. Nh1 Nh5 16. Ne2 f5 17. Bg5 Bf6 18. Bh6 Nc5 19. Nf2 (19. Bxf8 $11 Bg5 20. Qc2 (20. f4 Nxf4 21. Nxf4 Qxf8 $11)) 19... Rf7 20. Be3 f4 21. Bxc5 $1 dxc5 22. b3 Rc7 (22... Be7 $1 $15 {stays ahead.}) 23. Rac1 (23. a4 $16) 23... Be7 $11 24. Rfd1 Bd6 25. Ng4 (25. Rc2 $11) 25... Bd7 26. Bb1 Nf6 27. Nxe5 Bxe5 28. Nxf4 g5 (28... Qe8 $17 29. Ne2 c4) 29. Ne6 $36 {[%mdl 2112] Double Attack. White is more active.} Nxe4 30. Bxe4 Bxe6 31. dxe6 Qxd2 32. Rxd2 Re8 33. Bf5 (33. Rd7 $16) 33... Kg7 ({Better is} 33... Rf8 $1 $11 34. Bg6 Kg7) 34. Rd5 Kf6 35. Bg4 c4 36. bxc4 bxc4 37. Rd7 Re7 $1 38. Rd8 c3 {Black wants to play ...c2.} 39. Rf8+ Kg7 40. Rf5 Bf4 41. Rc2 Be3+ 42. Kf1 Rxe6 {Threatens to win with ...Rd6.} 43. Rxg5+ $1 Bxg5 44. Bxe6 $11 {[%mdl 4096] Endgame KRB-KRB} Bf4 45. Bf5 Bxh2 46. Re2 Bf4 47. Bc2 $1 Rd7 48. Re4 Bg3 49. Rc4 Rd2 50. Rxc3 Rf2+ 51. Kg1 Re2 {[%cal Re2e1]} 52. Bd3 Rxa2 {Hoping for ...Ra1+.} 53. Rc1 a5 54. Bc4 Ra3 55. Kf1 $1 Re3 56. Bb5 $1 Re5 57. Bc6 Re3 58. Ra1 Kf6 59. Bb5 Ke7 60. Be2 Re5 61. Bd3 {[#]} a4 $1 {[%mdl 512]} 62. Be4 (62. Rxa4 Re1#) 62... Ra5 63. Ra2 a3 64. Bb1 Kf6 65. Rc2 (65. Ke2 $1 $15) 65... Re5 $17 {[%csl Gg3][%cal Re5e1]} 66. Rc6+ Ke7 {[%csl Gg3][%cal Re5e1]} 67. Rc1 Rb5 68. Bd3 $2 {[%mdl 8192]} (68. Ba2 $17) 68... Rb2 $19 69. Bc4 a2 {( -> ...Rb1)} 70. Bxa2 Rf2+ 71. Kg1 Rxa2 {KRB-KR} 72. Rd1 Ke6 73. Rb1 Kf5 (73... Ke5 $142 74. Rd1 Kf4) 74. Rd1 Be5 (74... Kf4 $142 75. Rb1 Ra4) 75. Rb1 {[#]} h3 $1 76. gxh3 $17 Kf4 {White must now prevent ...Bd4+.} 77. Rb4+ $2 {[%mdl 8192] [#]} (77. Kf1 $17 Bd4 78. Rb8) 77... Kg3 $1 {Black mates.} 78. Rg4+ Kxf3 {[%cal Ra2a1]} 79. Kh1 Bg3 {Accuracy: White = 38%, Black = 55%.} 0-1

[Event "Asian Zonal 3.3 2019"]
[Site "Ulaanbaatar"]
[Date "2019.04.07"]
[Round "1.6"]
[White "Gundavaa, Bayarsaikhan"]
[Black "Tugstumur, Yesuntumur"]
[Result "1-0"]
[WhiteElo "2481"]
[BlackElo "2355"]
[Annotator "TA"]
[PlyCount "83"]
[EventDate "2019.04.07"]
[EventType "swiss"]
[EventRounds "9"]
[EventCountry "MGL"]
[SourceTitle "playchess.com"]
[Source "ChessBase"]
[SourceQuality "1"]

{[%evp 20,83,68,79,65,67,77,68,123,50,53,52,91,91,106,87,92,85,129,118,172,172,270,272,371,378,353,300,300,266,306,235,230,179,172,166,293,251,299,295,264,258,460,454,547,539,1014,1013,1290,1267,1795,1608,2607,2001,1960,1612,2910,2912,6357,29980,29980,29981,29971,12701,5327,1956]} 1. Nf3 Nf6 2. c4 g6 3. Nc3 Bg7 4. e4 d6 5. d4 O-O 6. Be2 Na6 7. O-O e5 8. Be3 Ng4 9. Bg5 Qe8 10. Re1 {E94: King's Indian: Classical: 6 Be2 e5 7 0-0: Various Black 7th moves} h6 (10... exd4 11. Nd5 f6 12. Bf4 d3 13. Bxd3 Ne5 14. Bxe5 dxe5 15. c5 Rf7 16. Bxa6 bxa6 17. c6 Be6 {0-1 (52) Bacrot,E (2704)-Fressinet,L (2712) Calvi 2015}) 11. Bh4 {LiveBook: 38 Games} exd4 12. Nxd4 {White is slightly better.} Nf6 13. Bf1 c6 $146 (13... Qe5 $14) ({Predecessor:} 13... Nh7 14. f4 Qd7 15. Qd2 Re8 16. Rad1 Nc5 17. b4 Ne6 18. Nxe6 fxe6 {1-0 (32) Figura,A (2413)-Maes,W (2319) Police 2007}) 14. Qc2 (14. Qd2 $16) 14... Nh5 $14 15. Rad1 Nc5 16. f3 {[%cal Bf2f3,Bf3f4,Bf4f5][%mdl 32]} a5 17. Bf2 Qe7 18. Qd2 Kh7 19. Nde2 Be5 (19... a4 $16 20. Qxd6 Qxd6 21. Rxd6 Nd7) 20. f4 $18 Bxc3 (20... Bg7 {is a better defense.}) 21. Nxc3 Ne6 22. f5 Neg7 23. g4 (23. Qxd6 Qxd6 24. Rxd6 gxf5 $18) 23... Nf6 24. h3 ({Less strong is} 24. Qxd6 Qxd6 25. Rxd6 Nxg4 $16) 24... Nge8 25. Bg3 {e5 is the strong threat.} Nd7 26. Bxd6 Nxd6 27. Qxd6 Qh4 (27... Re8 $142 28. Na4 Rb8) 28. Bg2 Re8 29. fxg6+ fxg6 {[#] intending ...Ne5.} 30. e5 $1 {[%cal Be4e5,Be5e6][%mdl 32]} Kg7 $2 (30... Qe7 31. Ne4 Qxd6 32. exd6 Kg7) 31. e6 Nf6 32. Qc7+ Bd7 33. Re2 Rec8 34. Qxb7 {[%mdl 64] [#] Pin} Rcb8 35. Rxd7+ Nxd7 36. Qxd7+ Kh8 37. e7 Re8 38. Qxc6 Rab8 39. Nd5 Kg7 40. Qc5 h5 41. Qd4+ Kh6 42. Nf6 {Accuracy: White = 73%, Black = 29%.} 1-0

[Event "Asian Zonal 3.3 2019"]
[Site "Ulaanbaatar"]
[Date "2019.04.07"]
[Round "1.7"]
[White "Tran, Minh Thang"]
[Black "Priasmoro, Novendra"]
[Result "1/2-1/2"]
[WhiteElo "2349"]
[BlackElo "2479"]
[Annotator "TA"]
[PlyCount "120"]
[EventDate "2019.04.07"]
[EventType "swiss"]
[EventRounds "9"]
[EventCountry "MGL"]
[SourceTitle "playchess.com"]
[Source "ChessBase"]
[SourceQuality "1"]

{[%evp 12,120,39,45,47,-6,10,0,24,13,103,117,129,80,83,88,81,76,60,-2,70,14,10,16,13,-22,-31,-30,-32,-17,-41,-47,-27,-23,-21,-74,-62,-49,-17,-25,0,-15,-16,-12,-8,-8,-12,-14,-8,-10,-6,-62,0,0,0,0,0,0,0,0,0,0,0,0,0,0,0,0,0,0,0,0,0,0,0,0,0,0,0,0,0,0,12,12,74,74,87,74,78,81,82,20,20,20,20,20,20,20,20,20,20,20,20,20,20,18,20,0,14,14,44]} 1. Nf3 Nf6 2. e3 g6 3. b3 Bg7 4. Bb2 O-O 5. Be2 d6 6. d4 e5 7. dxe5 Nfd7 {A48: 1 d4 Nf6 2 Nf3 g6: Torre, London and Colle Systems} 8. Nbd2 (8. Nc3 $14) 8... dxe5 9. e4 Nc6 10. O-O f5 $146 (10... Nd4 $11) ({Predecessor:} 10... Re8 11. Bb5 Ndb8 12. Nc4 Qxd1 13. Raxd1 a6 14. Bxc6 Nxc6 15. a3 f6 16. Ne3 Be6 {0-1 (65) Anuta,L (1971)-L'Ami,E (2651) Iasi 2014}) 11. Ba3 $16 Rf6 12. Nc4 {[%cal Bd2c4,Bc4e3,Be3d5,Bd5c7][%mdl 32]} Qe8 13. Ne3 Nb6 14. c4 fxe4 15. Nd2 (15. Ng5 $14) 15... Be6 (15... Bf5 $11) 16. c5 (16. Nxe4 $14 Rf4 17. f3) 16... Nd7 $11 17. Nxe4 Rf4 18. Nd5 Rxe4 19. Nxc7 Qe7 20. Nxa8 Rd4 21. Qc1 Qd8 22. Bb2 Rf4 23. Rd1 (23. Qe3 $1 $11 {keeps the balance.}) 23... Qxa8 $17 24. Rd6 Nf8 25. Qe3 Nd4 26. Bxd4 Rxd4 27. Rd1 Qc8 28. R1xd4 exd4 29. Qe4 Bf7 30. b4 $1 Bxa2 31. h4 ({White should try} 31. g3 $11) 31... b6 ({Black should play} 31... a5 $15 32. Qc2 Bf7) 32. Qc2 $11 Bf7 33. Bc4 Be5 34. Bxf7+ Kxf7 35. Qa2+ {[%mdl 64] [#] Double Attack} Kg7 36. Qxa7+ {[%mdl 64] Double Attack} Kh6 37. Rd5 $1 {[%cal Rd5e5]} Qf5 {[%cal Rf5b1]} 38. g3 b5 39. c6 {Threatens to win with Qa1.} Ne6 $1 40. Qa2 {Hoping for Qe2.} Qe4 41. Rd7 Qe1+ 42. Kg2 Qe4+ {[%mdl 64] Double Attack} 43. Kg1 Qe1+ 44. Kh2 Qe4 $1 45. Qd2+ Nf4 $1 {[%csl Gf4][%cal Re4g2]} 46. f3 $1 {[%cal Rf3e4]} Qxf3 47. Rf7 {[%mdl 64] Pin} Qe2+ (47... Qxc6 $11 {remains equal.} 48. gxf4 Bd6) 48. Qxe2 $16 Nxe2 49. Kg2 Bxg3 {[#]} 50. Kf3 $1 {[%cal Rf3e2]} d3 51. c7 (51. Rd7 $16 Be5 52. c7 (52. Rxd3 Nf4 $18) 52... Bxc7 53. Rxc7) 51... Bxc7 $1 $11 {The position is equal.} 52. Rxc7 {[%mdl 4096] Endgame Strongly threatening Ke3. KR-KN} Nd4+ 53. Ke3 {[%mdl 64] Double Attack} Nc2+ 54. Kxd3 Nxb4+ 55. Ke4 {Black must now prevent Kd4.} Na6 56. Rc6 Nb4 57. Rc5 Na2 58. Rc2 Nb4 59. Rc7 Na6 60. Rc1 {And now Kf3 would win.} Nb4 {Accuracy: White = 60%, Black = 66%.} 1/2-1/2